000 01112nam a2200205Ii 4500
003 JO-AjNU
008 230605s9999||||xx |||||||||||||| ||und||
040 _aJO-AjNU
_bara
_erda
_cJO-AjNU
041 _aara
050 1 4 _aKMM467.5.H3284 1970
100 3 _aاعداد حداد، تركي ,
_eauthor
_947100
245 0 0 _aالمبادئ القانونية لمحكمة التميز في القضايا الحقوقية المنشورة في مجلة نقابة المحامين منذ بداية سنة 1963 حتى نهاية سنة 1970، الجزءالثاني، القسم الثاني (د-ي)
250 _a(د،ط)
264 3 1 _aعمان: نقابة المحامين، 1970
300 _aج2، القسم الثاني(د-ي)، 2123ص
_bيشتمل على فهارس (فهرس المواضيع، فهرس القضايا )
336 _atext
_btxt
_2rdacontent
337 _aunmediated
_bn
_2rdamedia
338 _avolume
_bnc
_2rdacarrier
650 4 _aمحاكم النقض والابرام -- الاردن (قانون المرافعات ) -- الاردن -- الاردن -- محكمة التمييز
_947101
999 _aA20537
_c24105
_d24105